Tier 1 and 2 Rugby Nations - Statistics

General Stats
  • This quiz has been taken 1,542 times
  • The average score is 21 of 23
Answer Stats
Continent Answer % Correct
Oceania Australia
98%
Europe France
98%
Oceania New Zealand
98%
Europe England
97%
Europe Ireland
97%
Africa South Africa
97%
Americas Argentina
95%
Europe Italy
95%
Europe Scotland
95%
Americas United States
95%
Europe Wales
95%
Oceania Fiji
94%
Asia Japan
94%
Americas Canada
92%
Oceania Samoa
90%
Europe Spain
90%
Oceania Tonga
90%
Europe Portugal
85%
Americas Uruguay
75%
Africa Namibia
73%
Europe Romania
72%
Europe Georgia
70%
Europe Russia
69%
No matching quizzes found
Score Distribution
Percent of People with Each Score
Percentile by Number Answered
Your Score History
You have not taken this quiz